Sports Quiz

Random Sports or Football Quiz

Stevenage (Borough) F.C. appearances Quiz Stats

 Plays Quiz not verified by Sporcle

Challenge
Share
Tweet
Embed
Score 0/23 Timer 10:00
0 Plays Today
Appearances Player % Correct
316Ronnie Henry
89.6%
206Scott Laird
89.6%
188Chris Day
89.6%
167Mark Roberts
87.5%
183Michael Bostwick
83.3%
152Steve Morison
83.3%
135Jon Ashton
81.3%
123George Boyd
79.2%
108Dino Maamria
66.7%
167Lawrie Wilson
64.6%
164Alan Julian
62.5%
158Jason Goodliffe
62.5%
Appearances Player % Correct
124Anthony Elding
58.3%
142Mitchell Cole
52.1%
107Chris Beardsley
52.1%
108Jon Nurse
35.4%
192Robin Trott
31.3%
118Barry Laker
31.3%
112Michael Warner
31.3%
115Sam McMahon
27.1%
103Chris Taylor
14.6%
121Michael Love
12.5%
171Ryan Kirby
8.3%

You're not logged in!

Compare scores with friends on all Sporcle quizzes.
OR
Log In

You Might Also Like...

Show Comments

Extras

Created Jan 26, 2012ReportNominate
Tags:Football Quiz, stevenage

Top Quizzes Today


Score Distribution

Your Account Isn't Verified!

In order to create a playlist on Sporcle, you need to verify the email address you used during registration. Go to your Sporcle Settings to finish the process.

Report this User

Report this user for behavior that violates our Community Guidelines.

Details: